Normy matric i ich priloženija
Salvato in:
| Autore principale: | |
|---|---|
| Altri autori: | |
| Natura: | Libro |
| Lingua: | russo |
| Pubblicazione: |
Kijev
Naukova dumka
1984
|
| Edizione: | 1. izd. |
| Tags: |
Nessun Tag, puoi essere il primo ad aggiungerne!!
|
MARC
| LEADER | 00000nam a2200000 4500 | ||
|---|---|---|---|
| 001 | c023585 | ||
| 005 | 20221220090740.5 | ||
| 041 | 0 | |a rus | |
| 044 | |a CS | ||
| 245 | 1 | 0 | |a Normy matric i ich priloženija |c Genrich Rumivomič Belickij, Jurij Il'jič Ljubič |
| 250 | |a 1. izd. | ||
| 264 | 1 | |a Kijev |b Naukova dumka |c 1984 | |
| 300 | |a 155 s. | ||
| 100 | 1 | |a Belickij, Genrich Rumivomič | |
| 700 | 1 | |a Ljubič, Jurij Il'jič | |